| 000 | 01160nam a22003377a 4500 | ||
|---|---|---|---|
| 003 | CHAP | ||
| 005 | 20220329135456.0 | ||
| 008 | 971013s1981 enka r 00010 eng d | ||
| 010 | _a37154 | ||
| 011 | _a38126 | ||
| 035 | _a42246 | ||
| 040 | _cCHAP | ||
| 082 | 0 | 4 |
_a632.96 _bP3 |
| 100 | 0 | 0 |
_aPapavizas, George Constantine. _985321 |
| 245 | 1 | _aBiological control in crop production | |
| 260 |
_aLondon : _bAllanhed : _bOsmun, _c1981 |
||
| 300 |
_a461 p. _b: ilus. ; gráfs. |
||
| 490 |
_aBeltsville symposia in agricultural research _v; 5 |
||
| 590 |
_aBATCH-UPD _b10 _c20130110 _lUCH01 _h0038 |
||
| 590 |
_aBATCH-UPD _b10 _c20130110 _lUCH01 _h1542 |
||
| 590 |
_aBATCH-UPD _b10 _c20130410 _lUCH01 _h0944 |
||
| 590 |
_aBATCH-UPD _b10 _c20130914 _lUCH01 _h0559 |
||
| 590 |
_aCONVERSION _b10 _c20130109 _lUCH01 _h1321 |
||
| 650 | 1 | 4 |
_aControl biológico de insectos. _927582 |
| 650 | 1 | 4 |
_aControl biológico de malas hierbas. _927584 |
| 650 | 1 | 4 |
_aControl biológico de plagas. _927587 |
| 830 | 0 |
_aBeltsville symposia in agricultural research _v; 5 _911483 |
|
| 901 | _aBK | ||
| 942 | _cLIBRO | ||
| 949 |
_a632.96 P3 _bBC _cLIBRO _d33724000188108 _eLIBRO _h60100 _i42246 _si |
||
| 999 |
_c37154 _d37154 |
||